First principles of discrete systems and digital signal processing / (Record no. 180827)
[ view plain ]
| 000 -LEADER | |
|---|---|
| fixed length control field | 01172 a2200217 4500 |
| 003 - CONTROL NUMBER IDENTIFIER | |
| control field | Nust |
| 005 - DATE AND TIME OF LATEST TRANSACTION | |
| control field | 20221118174258.0 |
| 010 ## - LIBRARY OF CONGRESS CONTROL NUMBER | |
| LC control number | 86026542 |
| 020 ## - INTERNATIONAL STANDARD BOOK NUMBER | |
| International Standard Book Number | 0201095181 : |
| 040 ## - CATALOGING SOURCE | |
| Transcribing agency | Nust |
| 082 00 - DEWEY DECIMAL CLASSIFICATION NUMBER | |
| Classification number | 621.38043,STR |
| 100 1# - MAIN ENTRY--PERSONAL NAME | |
| Personal name | Strum, Robert D. |
| 9 (RLIN) | 103099 |
| 245 10 - TITLE STATEMENT | |
| Title | First principles of discrete systems and digital signal processing / |
| Statement of responsibility, etc. | Robert D. Strum, Donald E. Kirk. |
| 260 ## - PUBLICATION, DISTRIBUTION, ETC. | |
| Place of publication, distribution, etc. | Reading, Mass. : |
| Name of publisher, distributor, etc. | Addison-Wesley, |
| Date of publication, distribution, etc. | c1988. |
| 300 ## - PHYSICAL DESCRIPTION | |
| Extent | xv, 848 p. : |
| Other physical details | ill. ; |
| Dimensions | 25 cm. |
| 440 #0 - SERIES STATEMENT/ADDED ENTRY--TITLE | |
| Title | Addison-Wesley series in electrical engineering |
| 9 (RLIN) | 96383 |
| 505 ## - FORMATTED CONTENTS NOTE | |
| Formatted contents note | Introduction (Page-1), Signals and Systems (Page-17), Linear Time Invariant Systems (Page-77), Frequency Response and Filters (Page-165), Frequency Response- A Graphical Method (Page-243), Transforms (Page-281), Discrete Fourier Transform (Page-363), The fast Transform (Page-493), No recursive Filter Design (Page-529), Recursive Filter Design (Page-611), Structures State Equations and Applications (Page-721), Appendices (Page-791), Answers to Selected Problems (Page-833). |
| 650 #0 - SUBJECT ADDED ENTRY--TOPICAL TERM | |
| Topical term or geographic name entry element | Signal processing |
| General subdivision | Digital techniques. |
| 9 (RLIN) | 55548 |
| 700 1# - ADDED ENTRY--PERSONAL NAME | |
| Personal name | Kirk, Donald E., |
| Dates associated with a name | 1937- |
| 9 (RLIN) | 103100 |
| 942 ## - ADDED ENTRY ELEMENTS (KOHA) | |
| Source of classification or shelving scheme | |
| Koha item type | Book |
| Withdrawn status | Lost status | Source of classification or shelving scheme | Damaged status | Not for loan | Permanent Location | Current Location | Shelving location | Date acquired | Full call number | Barcode | Date last seen | Price effective from | Koha item type | Public note |
|---|---|---|---|---|---|---|---|---|---|---|---|---|---|---|
| Military College of Signals (MCS) | Military College of Signals (MCS) | General Stacks | 12/12/2016 | 621.38043,STR | MCS28838 | 12/08/2016 | 12/12/2016 | Book | Almirah No.30, Shelf No.6 | |||||
| Military College of Signals (MCS) | Military College of Signals (MCS) | General Stacks | 12/12/2016 | 621.38043,STR | MCS28839 | 12/08/2016 | 12/12/2016 | Book | Almirah No.30, Shelf No.6 |
